Southville International School and Colleges
Your cart is empty.
  • Cart
  • Lists
    Public lists Eva Luna New books Lux_list list_1
    Your lists Log in to create your own lists
  • Log in to your account
  • Your cookies
  • Search history
Southville International School and Colleges
  • Advanced search
  • Recent comments
  • Most popular
  • Libraries

Log in to your account

Log in with GOOGLE


If you do not have an external account, but do have a local account, you can still log in:

  1. Home
  2. MARC view: Environment /
Normal view MARC view ISBD view

Environment / (Record no. 118142)

[ view plain ]
MARC details
000 -LEADER
fixed length control field 00567nam a2200193Ia 4500
003 - CONTROL NUMBER IDENTIFIER
control field PILC
005 - DATE AND TIME OF LATEST TRANSACTION
control field 20160301131813.0
008 - FIXED-LENGTH DATA ELEMENTS--GENERAL INFORMATION
fixed length control field 140609s9999 xx 000 0 und d
020 ## - INTERNATIONAL STANDARD BOOK NUMBER
International Standard Book Number 9789812533333
050 ## - LIBRARY OF CONGRESS CALL NUMBER
Classification number GE 70
Item number .R38 2010
100 ## - MAIN ENTRY--PERSONAL NAME
Personal name Raven, Peter H.
245 ## - TITLE STATEMENT
Title Environment /
Statement of responsibility, etc Peter H. Raven, Linda R. Berg, David M. Hassenzahl,
250 ## - EDITION STATEMENT
Edition statement 7th edition.
260 ## - PUBLICATION, DISTRIBUTION, ETC. (IMPRINT)
Place of publication, distribution, etc New jersey :
Name of publisher, distributor, etc J. Wiley & Sons,
Date of publication, distribution, etc 2010.
300 ## - PHYSICAL DESCRIPTION
Extent 589 pages :
Other physical details illustrations ;
Dimensions 26 cm.
500 ## - GENERAL NOTE
General note Includes glossary and index.
942 ## - ADDED ENTRY ELEMENTS (KOHA)
Call number prefix Foreign
Koha item type Books
Source of classification or shelving scheme Library of Congress Classification
Holdings
Withdrawn status Lost status Source of classification or shelving scheme Damaged status Home library Current library Shelving location Date acquired Source of acquisition Total Checkouts Full call number Barcode Date last seen Date checked out Price effective from Koha item type
    Library of Congress Classification   College Library College Library General Circulation Section 06/09/2014 Donation 1 GE 70 .R38 2010 C18430 05/15/2018 03/12/2018 06/09/2014 Books

Environment /

APA

Raven P. H., . (2010). Environment. New jersey: J. Wiley & Sons.

Chicago

Raven Peter H, . 2010. Environment. New jersey: J. Wiley & Sons.

Harvard

Raven P. H., . (2010). Environment. New jersey: J. Wiley & Sons.

MLA

Raven Peter H, . Environment. New jersey: J. Wiley & Sons. 2010.

  • Place hold
  • Print
  • Cite
  • Add to your cart (remove)
  • Save record
    BIBTEX Dublin Core MARCXML MARC (non-Unicode/MARC-8) MARC (Unicode/UTF-8) MARC (Unicode/UTF-8, Standard) MODS (XML) RIS
  • More searches
    Search for this title in:
    Other Libraries (WorldCat) Other Databases (Google Scholar) Online Stores (Bookfinder.com) Open Library (openlibrary.org)

Exporting to Dublin Core...

SOUTHVILLE LIBRARY

Southville International School and Colleges Library

1281 Tropical Ave. Cor. Luxembourg St., BF Homes International, Las Pinas City

Tel. No. 8256374 / 252358 Loc. 117/146

Powered by Koha